Histoire du XIXe siecle / (Record no. 159593)
[ view plain ]
| 000 -LEADER | |
|---|---|
| campo de control de longitud fija | 01143nam a22002415i 4500 |
| 001 - NÚMERO DE CONTROL | |
| campo de control | 159593 |
| 003 - IDENTIFICADOR DE NÚMERO DE CONTROL | |
| campo de control | ES-MaACL |
| 005 - FECHA Y HORA DE LA ÚLTIMA TRANSACCIÓN | |
| campo de control | 20250821063058.0 |
| 008 - DATOS DE LONGITUD FIJA--INFORMACIÓN GENERAL | |
| campo de control de longitud fija | 981002m18751876fr |||| | fre d |
| 040 ## - FUENTE DE CATALOGACIÓN | |
| Centro catalogador/agencia de origen | GA |
| Lengua de catalogación | spa |
| Centro/agencia transcriptor | CCPB | 3D |
| 100 1# - ENTRADA PRINCIPAL--NOMBRE DE PERSONA | |
| Nombre de persona | Michelet, Jules, |
| Fechas asociadas al nombre | 1798-1874 |
| 9 (RLIN) | 80919 |
| 245 10 - MENCIÓN DEL TÍTULO | |
| Título | Histoire du XIXe siecle / |
| Mención de responsabilidad, etc. | J. Michelet. |
| 260 ## - PUBLICACIÓN, DISTRIBUCIÓN, ETC. | |
| Lugar de publicación, distribución, etc. | Paris : |
| Nombre del editor, distribuidor, etc. | Calmann Lévy, éditeur, ancienne maison Michel Lévy frères : |
| -- | a la Librairie Nouvelle, |
| Fecha de publicación, distribución, etc. | 1875-1876 ( |
| Lugar de fabricación/manufactura | Lagny : |
| Fabricante | F. Aureau) |
| 300 ## - DESCRIPCIÓN FÍSICA | |
| Extensión | 3 v. ([6], XXII, 443 ; [4], XXIV, 384 ; XXI, 472 p.) ; |
| Dimensiones | 23 cm.) |
| 505 8# - NOTA DE CONTENIDO CON FORMATO | |
| Nota de contenido con formato | Contiene : t. I. Directoire ; Origine des Bonaparte.- Nouvelle édition-t. II. Jusqu'au 18 Brumaire.- Deuxième édition-t. III. Jusqu'a Waterloo.- Troisième édition |
| 593 ## - | |
| -- | Encabezamiento tomado de Espasa, t. 35, p. 20. |
| 594 ## - Nota al título y mención de responsabilidad | |
| Nota al título y mención de responsabilidad | Autor precede a tit. |
| 596 ## - NOTA AL PIE DE IMPRENTA | |
| NOTA AL PIE DE IMPRENTA | Marca de ed. en port. |
| 596 ## - NOTA AL PIE DE IMPRENTA | |
| NOTA AL PIE DE IMPRENTA | Pié de imprenta para el t. II y III : Paris : Michel Lévy frères ; a la Librairie Nouvelle, 1875. |
| 651 #4 - PUNTO DE ACCESO ADICIONAL DE MATERIA--NOMBRE GEOGRÁFICO | |
| Nombre geográfico | Francia- |
| Subdivisión general | Historia- |
| Subdivisión cronológica | 1789-1900 |
| 9 (RLIN) | 8693 |
| 852 ## - LOCALIZACIÓN | |
| Ubicación | ES-MaACL |
| Número de control de estantería | F-5705-5707 |
| Nota libre | -- Enc. hol. |
| Estatus retirado | Estado de pérdida | Estado de daño | No para préstamo | Colección | Biblioteca de origen | Biblioteca actual | Ubicación en estantería | Fecha de adquisición | Fuente de adquisición | Total de préstamos | Signatura topográfica completa | Código de barras | Visto por última vez | Precio de reemplazo | Tipo de ítem Koha |
|---|---|---|---|---|---|---|---|---|---|---|---|---|---|---|---|
| Libros del s. XIX | Biblioteca del Ateneo de Madrid | Biblioteca del Ateneo de Madrid | Depósito 2 | 17/01/2008 | F-5705-5707 | 1167073 | 23/02/2023 | 23/02/2023 | Libro impreso antiguo |
